Verteilungswirkungen des Sozialversicherungssystems der Bundesrepublik Deutschland und Modellierung seiner zukünftigen Entwicklung Inauguraldissertation zur Erlangung der Würde eines Doktors der Wirtschaftswissenschaften der Fakultät für Wirtschaftswissenschaft der Ruhr-Universität Bochum
Salvato in:
| Autore principale: | |
|---|---|
| Natura: | Libro |
| Lingua: | tedesco |
| Pubblicazione: |
Bochum
Ruhr-Universität
1996
|
| Edizione: | 1. Aufl. |
| Soggetti: | |
| Tags: |
Nessun Tag, puoi essere il primo ad aggiungerne!!
|
MARC
| LEADER | 00000nam a2200000 4500 | ||
|---|---|---|---|
| 001 | c018521 | ||
| 005 | 20241216085028.7 | ||
| 041 | 0 | |a ger | |
| 044 | |a DE | ||
| 245 | 1 | 0 | |a Verteilungswirkungen des Sozialversicherungssystems der Bundesrepublik Deutschland und Modellierung seiner zukünftigen Entwicklung |b Inauguraldissertation zur Erlangung der Würde eines Doktors der Wirtschaftswissenschaften der Fakultät für Wirtschaftswissenschaft der Ruhr-Universität Bochum |c Stefan Dudey |
| 250 | |a 1. Aufl. | ||
| 264 | 1 | |a Bochum |b Ruhr-Universität |c 1996 | |
| 300 | |a 147 s. | ||
| 610 | 2 | 0 | |a poistenie sociálne |
| 610 | 2 | 0 | |a obyvateľstvo |
| 610 | 2 | 0 | |a demografia |
| 610 | 2 | 0 | |a príjmy obyvateľstva |
| 610 | 2 | 0 | |a dôchodky |
| 610 | 2 | 0 | |a renta |
| 610 | 2 | 0 | |a poisťovníctvo |
| 610 | 2 | 0 | |a modelovanie |
| 610 | 2 | 0 | |a modely ekonomicko-matematické |
| 610 | 2 | 0 | |a imigrácia |
| 610 | 2 | 0 | |a pomoc sociálna |
| 610 | 2 | 0 | |a ekonómia politická |
| 610 | 2 | 0 | |a zákonodarstvo |
| 610 | 2 | 0 | |a politika sociálna |
| 610 | 2 | 0 | |a Nemecko |
| 100 | 1 | |a Dudey, Stefan | |